Fr. Conceicao Rodrigues College of Engineering

Biomedical Instrumentation and Measurement (Record no. 19748)

MARC details
000 -LEADER
fixed length control field 00355nam a2200145Ia 4500
082 ## - DEWEY DECIMAL CLASSIFICATION NUMBER
Classification number 610.28
Item number CRO/WEI
100 ## - MAIN ENTRY--PERSONAL NAME
Personal name Cromwell/ Weibell
245 ## - TITLE STATEMENT
Title Biomedical Instrumentation and Measurement
260 ## - PUBLICATION, DISTRIBUTION, ETC.
Name of publisher, distributor, etc. Prentice Hall
Place of publication, distribution, etc. NONE
Date of publication, distribution, etc. 1996
546 ## - LANGUAGE NOTE
Language note ENGLISH
650 ## - SUBJECT ADDED ENTRY--TOPICAL TERM
Topical term or geographic name entry element Electrical Engineering
654 ## - SUBJECT ADDED ENTRY--FACETED TOPICAL TERMS
Focus term Engineering
942 ## - ADDED ENTRY ELEMENTS (KOHA)
Koha item type BOOK
Holdings
Withdrawn status Lost status Damaged status Not for loan Collection Home library Current library Date acquired Inventory number Total Checkouts Full call number Barcode Date last seen Price effective from Koha item type
        CRC Fr. Agnel's C.Rodrigues College of Engineering Fr. Agnel's C.Rodrigues College of Engineering 17/03/2023 131   610.28 CRO/WEI 11651 17/03/2023 17/03/2023 BOOK